000 00428nam a2200181Ia 4500
008 220531s9999 xx 000 0 und d
041 _aeng
082 _bTHA
100 _aThakur, Devendra
_946645
245 _aResearch Methodology In Social Science
250 _a1ST
260 _bDeep
_c2003
300 _a490
542 _d03-07-2004
650 _aSociology
_946646
906 _d2004-2005
999 _c27438
_d27438